000 00333nam a2200145Ia 4500
100 _aTickoo/Sham
650 _aAutoCAD
942 _cBK
366 _f20
654 _aAutoCAD 2008
245 _aAutoCAD 2008 for engineers and Designers
260 _bDreamtech Press
_aMumbai
_c2008
082 _a006.6/TIC
_bTIC
546 _aENGLISH
999 _c24183
_d24183